| 000 | 01110nam a22002897a 4500 | ||
|---|---|---|---|
| 001 | 4857 | ||
| 003 | FISKH | ||
| 005 | 20241018094507.0 | ||
| 008 | 241018b cb ||||| |||| 00| 0 eng d | ||
| 020 | _a9780194789165 | ||
| 040 |
_aFISKH _beng _cFISKH _dFISKH |
||
| 050 | _aPE1126.A4 | ||
| 082 | _a428 | ||
| 100 | _aVicary, Tim | ||
| 245 |
_aPocahontas / _cby Tim Vicary |
||
| 260 |
_aNew York : _bOxford University Press ; _c1998 . |
||
| 300 |
_a56 pages : _billustrations ; _c21 cm . |
||
| 490 |
_aOxford Bookworms _vStage 1 |
||
| 505 | _aJ | ||
| 520 | _aA beautiful young Indian girl, and a brave Englishman. Black eyes, and blue eyes. A friendly smile, a laugh, a look of love... But this is North America in 1607, and love is not easy. The girl is the daughter of King Powhatan, and the Englishman is a white man. This is the famous story of Pocahontas, and her love for the Englishman John Smith. | ||
| 521 | 8 |
_a470
_bLexile |
|
| 521 | 8 |
_aJ
_bRaz-Plus |
|
| 650 |
_aadventure _vnon-fiction |
||
| 700 |
_aSperling, Thomas _eillustrator |
||
| 942 |
_2ddc _cBK _n0 |
||
| 999 |
_c4857 _d4857 |
||